000 00518nam a2200193Ia 4500
001 13032
003 IN-NITTTR
005 20251114233122.0
008 251113s9999||||xx |||||||||||||| ||eng||
040 _beng
040 _cIN-NITTTR
041 _aeng
082 _a658.97 A76M
100 _aAmrine, Harold T.
245 0 _aManufacturing organization and management. /
_cAmrine, Harold T., Ritchey, John A., Hulley, Oliver S.
700 _a Hulley, Oliver S.
700 _a Ritchey, John A.
942 _2ddc
_cBK
999 _c15668
_d15668